000 00658cab a2200253 4500
001 ABS53292
008 090401t1995 xxu||||| |||| 00| 0 eng d
035 _a(Sirsi) u3311
041 _aeng
100 _aMoor, N.
245 _aAll change, says Labour
260 _c1995
350 _a0
490 _aBuilding
_v260(7902) 28 July 1995, 34(1)
520 _aComments on Labour Party proposals for the planning system.
650 _aLABOUR PARTY
650 _aPLANNING GAIN
650 _aPLANNING SYSTEM
650 _aREFORM
650 _aTHIRD PARTY RIGHT OF APPEAL
690 _aPLANNING LAW AND PRACTICE
942 _n0
948 _c04/03/1997
999 _c2023
_d2023